000 00522nam a2200181Ia 4500
003 GCL
008 140319s9999 xx 000 0 ara d
040 _aGCL /
_cGCL
082 0 4 _a822
_bو م
100 1 _aولسون ، جون
245 1 0 _aما الذى يحدث فى هاملت /
_cولسون ، جون
700 1 _aجبرا ابراهيم جبرا (مترجم)
300 _a180
490 _a100 قصة
_v0
650 0 4 _aالمسرح الانجليزى المترجم
650 0 4 _aهاملت
942 _2ddc
_cBK
999 _c45838
_d45838